Die häufigsten päpstlichen Namen - Statistiken

Allgemein
  • Dieses Quiz wurde 563 mal gespielt
  • Das Durchschnittsergebnis liegt bei 7 aus 16
Antwortstatistiken
Papst % Korrekt
Johannes (21)
91%
Paul (6)
89%
Benedikt (15)
87%
Leo (13)
66%
Pius (12)
64%
Gregor (16)
50%
Urban (8)
44%
Innozenz (13)
40%
Alexander (7)
34%
Clemens (14)
34%
Hadrian (6)
21%
Bonifatius (8)
19%
Sixtus (5)
19%
Stephan (9)
17%
Nikolaus (5)
15%
Coelestin (5)
13%
Keine übereinstimmenden Quizze gefunden
Verteilung der Resultate
Anzahl Personen mit jedem Resultat
Perzentil nach korrekt beantworteten Fragen
Ihre Resultats-Entwicklung
Sie haben dieses Quiz noch nicht gespielt